Prečo milujeme kapra

Bibliographic Details
Main Author: Áč, Peter, 1943- (Author)
Format: Article
Language:Slovak
PhysicalDescription:Fotogr.
ISSN:0231-8768
Subjects:

MARC

LEADER 00000nab a2200000 a 4500
001 vtls009088926
003 SK-MaSNL
005 20260304151011.0
008 250506c2007 xo |||||||||||000 b|slo
015 |a SNBRB2007/08  |2 snkbucl 
035 |a (uuid)b0ccca35-347a-4ba5-b43e-9957f4b70321 
035 |a urn:nbn:sk:snk-abet3p 
035 |a (urnnbn)urn:nbn:sk:snk:ar-0074qs 
038 |a SNKBUCL 
040 |a SNKBUCL  |b slo  |c SNKBUCL  |e AACR2 
041 0 |a slo 
044 |a xo  |c SK 
080 |a 639.215.2  |2 1997 
100 1 |a Áč, Peter,  |d 1943-  |4 aut  |9 14156 
245 1 0 |a Prečo milujeme kapra  |c Peter Áč 
300 |b Fotogr. 
650 0 7 |a kapre  |2 snkbucl  |9 2763 
773 0 |t Poľovníctvo a rybárstvo  |g Roč. 59, č. 7 (2007), s. 74-75  |x 0231-8768 
850 |a Slovenská národná knižnica 
852 |a Slovenská národná knižnica 
958 |a article27 
958 |a OND 
999 |c 2940939  |d 2942869